Land vs. Land #173 - Statistiken

Allgemein
  • Dieses Quiz wurde 15 mal gespielt
  • Das Durchschnittsergebnis liegt bei 12 aus 14
Antwortstatistiken
Frage Antwort % Korrekt
...Bruttoinlandsprodukt pro Kopf? Tschechien🇨🇿
100%
...HDI (Human Development Index)? Tschechien🇨🇿
100%
...Gesundheitswesen? Tschechien🇨🇿
100%
...Lebenserwartung? Tschechien🇨🇿
100%
...durchschnittlicher IQ? Tschechien🇨🇿
100%
...Gewinner? Tschechien🇨🇿
100%
...Fläche? Kenia🇰🇪
91%
...Frieden? Tschechien🇨🇿
91%
...Einwohner? Kenia🇰🇪
82%
...Bruttoinlandsprodukt? Tschechien🇨🇿
82%
...Happy Planet Index? Tschechien🇨🇿
73%
...Militär? Tschechien🇨🇿
64%
...Exportmengen? Tschechien🇨🇿
64%
...Tourismus? Tschechien🇨🇿
55%
Keine übereinstimmenden Quizze gefunden
Verteilung der Resultate
Anzahl Personen mit jedem Resultat
Perzentil nach korrekt beantworteten Fragen
Ihre Resultats-Entwicklung
Sie haben dieses Quiz noch nicht gespielt